000 00736nam a2200181 i 4500
001 61075
003 ES-MaACL
007 t|
008 031110s1985 sp ||||1| spa d
020 _a84-505-1490-8
245 0 0 _aEstudios sobre la renta del suelo /
_cAllen J. Scott ... [et al.] ; textos compilados por Maite Martínez Pardo.
260 _aMadrid :
_bComunidad de Madrid, Consejería de Ordenación del Territorio, Medio Ambiente y Vivienda,
_c1985.
300 _a389 p. ;
_c21 cm.
700 1 _aScott, Allen J.
_9104942
700 1 _aMartínez Pardo, Maite.
_978306
710 2 _aMadrid (Comunidad Autónoma).
_bConsejería de Ordenación del Territorio, Medio Ambiente y Vivienda.
_95605
852 _aES-MaACL
_jL-8761
_bR.109286
999 _c61075
_d61075